00460nam a22001577a 450000500170000001000140001702000100003103500130004103700130005408200080006724500740007526000420014927000610019130000220025270000280027420100812121918.0 aENG-99983 c30.00 aEN-83515 bDBAD/PUB a483 aDictionary of selected proverbs /ccompiled by Mekala Madan Mohan Rao aVijaywadabNavaratna Book Housec2008 a28-22-20, Rahiman Street, Arundel PetbVijaywadae520002 a112p.c21cm (pbk) aRao, Makela Madan Mohan